[Event "Rated Blitz game"]
[Site "?"]
[Date "2021.02.17"]
[Round "?"]
[White "ElhachaGM"]
[Black "Schachelite"]
[Result "1/2-1/2"]
[WhiteElo "2615"]
[BlackElo "2404"]
[PlyCount "123"]
[EventDate "2021.??.??"]
[EventType "blitz"]

1. e4 e5 2. Nf3 d5 3. exd5 e4 4. Qe2 Nf6 5. Nc3 Be7 6. Nxe4 O-O 7. Nxf6+ Bxf6
8. d4 Qxd5 9. Be3 b6 10. Qb5 Qd8 11. O-O-O a5 12. Qh5 Nc6 13. Bd3 g6 14. Qh6
Bg7 15. Qh4 Nb4 16. Qxd8 Nxd3+ 17. Rxd3 Rxd8 18. d5 Bf5 19. Rd2 Be4 20. Rhd1
Bxf3 21. gxf3 Rd7 22. c4 Bf8 23. a4 Bd6 24. h3 Re8 25. Kc2 f5 26. Kd3 Rde7 27.
Bd4 Kf7 28. Rc2 Re1 29. Rxe1 Rxe1 30. c5 bxc5 31. Bxc5 Rd1+ 32. Kc4 Rh1 33.
Bxd6 cxd6 34. Kb5 Rxh3 35. Kxa5 Rxf3 36. Rc7+ Kf6 37. Rxh7 Rb3 38. Rd7 Rxb2 39.
Rxd6+ Ke5 40. Rd8 g5 41. d6 Ke6 42. Ka6 g4 43. a5 Rxf2 44. Kb7 Rb2+ 45. Kc6
Rc2+ 46. Kb5 Rb2+ 47. Kc4 Ra2 48. Kb4 g3 49. d7 Ke7 50. Rg8 Kxd7 51. Rxg3 Ke6
52. Rg8 f4 53. Rf8 Ke5 54. Kb5 Ke4 55. a6 f3 56. Re8+ Kd3 57. Rd8+ Ke2 58. Re8+
Kd2 59. Rf8 Ke2 60. Re8+ Kd2 61. Rd8+ Ke2 62. Re8+ {Normal} 1/2-1/2

[Event "Rated Blitz game"]
[Site "?"]
[Date "2021.02.17"]
[Round "?"]
[White "SimonMkrtchyan"]
[Black "annaly1979"]
[Result "1-0"]
[WhiteElo "2446"]
[BlackElo "2313"]
[PlyCount "111"]
[EventDate "2021.??.??"]
[EventType "blitz"]

1. e4 e5 2. Nf3 d5 3. Nc3 dxe4 4. Nxe4 f5 5. Ng3 e4 6. Ng1 Bc5 7. c3 Nf6 8. d4
Bd6 9. Bc4 Qe7 10. Bg5 Nc6 11. Nh5 Bd7 12. Nxf6+ gxf6 13. Qh5+ Kd8 14. Bh4 Be8
15. Qh6 Rf8 16. Ne2 Bf7 17. Bxf6 Bxc4 18. Bxe7+ Bxe7 19. Qxh7 Kd7 20. Nf4 Bg8
21. Qh3 Bd6 22. Qe3 Bxf4 23. Qxf4 Rae8 24. O-O-O Kc8 25. b3 a5 26. h4 Bh7 27.
h5 Kb8 28. h6 Ne7 29. Rhe1 Ng6 30. Qg5 f4 31. Kb2 Rf7 32. Qxa5 Rfe7 33. Qg5 e3
34. fxe3 fxe3 35. a4 Nf8 36. Ka3 Nd7 37. g4 Nb6 38. c4 Bc2 39. Rc1 Bh7 40. Rc3
e2 41. d5 Nd7 42. Qd2 Nc5 43. d6 Re6 44. dxc7+ Kxc7 45. g5 b6 46. Qf4+ Kb7 47.
Qf2 Ka6 48. Rf3 Bc2 49. Rc3 Bd1 50. Qg1 Ne4 51. Re3 Nxg5 52. Rxe6 Nxe6 53. Rxd1
exd1=Q 54. Qxd1 Nc5 55. Qh1 Re3 56. Qa8# {Normal} 1-0

[Event "Rated Blitz game"]
[Site "?"]
[Date "2021.02.17"]
[Round "?"]
[White "NoahSkyler"]
[Black "maharani77"]
[Result "1-0"]
[WhiteElo "2443"]
[BlackElo "2331"]
[PlyCount "99"]
[EventDate "2021.??.??"]
[EventType "blitz"]

1. e4 e5 2. Nf3 d5 3. Nxe5 Bd6 4. Nxf7 Kxf7 5. Qh5+ g6 6. Qxd5+ Be6 7. Qxb7 Nd7
8. Qa6 Nc5 9. Qe2 Kg7 10. d4 Nb7 11. e5 Be7 12. Nc3 c6 13. Be3 Nh6 14. O-O-O
Nf7 15. g4 h5 16. gxh5 Rxh5 17. f4 Nh6 18. Rg1 Kh7 19. Qg2 Bf5 20. Bd3 Bxd3 21.
Rxd3 Qe8 22. Ne4 Nf5 23. Bd2 Rh6 24. Rh3 Nh4 25. Ng5+ Bxg5 26. Qxg5 Qd8 27. f5
Qxg5 28. Bxg5 Nxf5 29. Bxh6 Nxh6 30. c4 Rf8 31. d5 Nc5 32. e6 Rf2 33. Re1 Rf8
34. e7 Re8 35. d6 Nd7 36. b4 c5 37. bxc5 Nxc5 38. Re5 Nd7 39. Ra5 Kg7 40. Rxa7
Nb6 41. Rc7 Nf5 42. c5 Nd5 43. Rd7 Nf6 44. Rd8 Nxe7 45. Rxe8 Nxe8 46. d7 Nc7
47. d8=Q Ned5 48. Rd3 Nb4 49. Rd7+ Kh6 50. Qh4# {Normal} 1-0

[Event "Rated Blitz tournament tmvJOJHY"]
[Site "?"]
[Date "2021.02.17"]
[Round "?"]
[White "TheMachoKING"]
[Black "Grimlock_Glasgow"]
[Result "0-1"]
[WhiteElo "2402"]
[BlackElo "2563"]
[PlyCount "54"]
[EventDate "2021.??.??"]
[EventType "blitz"]

1. e4 e5 2. Nf3 d5 3. Nxe5 Bd6 4. d4 dxe4 5. Bc4 Bxe5 6. Qh5 Qe7 7. Qxe5 Qxe5
8. dxe5 Nc6 9. Nc3 Nxe5 10. Bb3 Bf5 11. Bf4 Ng6 12. Bxc7 Nf6 13. Ba4+ Bd7 14.
Bxd7+ Kxd7 15. Bg3 Kc6 16. O-O-O Rad8 17. Rxd8 Rxd8 18. Re1 h5 19. Nxe4 h4 20.
Nxf6 gxf6 21. Re3 hxg3 22. Rxg3 f5 23. Rf3 f4 24. g3 Rd5 25. c4 Rd4 26. b3 Ne5
27. Rxf4 Nd3+ {Normal} 0-1

[Event "Rated Blitz game"]
[Site "?"]
[Date "2021.02.17"]
[Round "?"]
[White "fussi"]
[Black "pashpawn"]
[Result "0-1"]
[WhiteElo "2530"]
[BlackElo "2361"]
[PlyCount "20"]
[EventDate "2021.??.??"]
[EventType "blitz"]

1. e4 e5 2. Nf3 d5 3. Nxe5 Qe7 4. d4 f6 5. Nf3 dxe4 6. Ng1 f5 7. Bc4 Nc6 8. Ne2
Nf6 9. O-O Be6 10. Bd5 Bxd5 {Normal} 0-1

[Event "Rated Blitz game"]
[Site "?"]
[Date "2021.02.16"]
[Round "?"]
[White "urbas"]
[Black "Monkey_King"]
[Result "0-1"]
[WhiteElo "2452"]
[BlackElo "2568"]
[PlyCount "122"]
[EventDate "2021.??.??"]
[EventType "blitz"]

1. e4 e5 2. Nf3 d5 3. d3 dxe4 4. dxe4 Qxd1+ 5. Kxd1 Bg4 6. Be2 f6 7. c3 Nd7 8.
Kc2 O-O-O 9. Be3 Bc5 10. Bxc5 Nxc5 11. Nbd2 Ne7 12. b4 Ne6 13. g3 Rhf8 14. Bc4
Ng5 15. Ne1 f5 16. f3 fxe4 17. fxg4 Rf2 18. Rd1 e3 19. Nd3 Rxd2+ 20. Rxd2 exd2
21. Nxe5 Ng6 22. Nd3 Nf3 23. Rf1 Ne1+ 24. Kxd2 Nxd3 25. Bxd3 Ne5 26. Kc2 Nxd3
27. Rf7 Ne1+ 28. Kc1 Rd7 29. Rf8+ Rd8 30. Rf7 Rg8 31. Kd2 Re8 32. Rxg7 Nf3+ 33.
Kd3 Nxh2 34. g5 Nf3 35. g6 hxg6 36. c4 Ne5+ 37. Kc3 c6 38. g4 Re6 39. g5 Nf3
40. Rg8+ Kc7 41. Rg7+ Kb6 42. c5+ Ka6 43. a4 Nxg5 44. Kc4 Re4+ 45. Kb3 Ne6 46.
Rxg6 Nd4+ 47. Kc4 Ne2+ 48. Kd3 Nf4+ 49. Kxe4 Nxg6 50. Kd4 Ne7 51. Kc4 Nd5 52.
b5+ Ka5 53. bxc6 bxc6 54. Kd4 Nc3 55. Ke5 Kxa4 56. Kd6 Kb5 57. Kc7 Kxc5 58. Kb7
Kb5 59. Kxa7 c5 60. Kb7 c4 61. Kc7 Na4 {Normal} 0-1

[Event "Rated Blitz game"]
[Site "?"]
[Date "2021.02.16"]
[Round "?"]
[White "Kotti65"]
[Black "Professor_Woland"]
[Result "1-0"]
[WhiteElo "2382"]
[BlackElo "2455"]
[PlyCount "55"]
[EventDate "2021.??.??"]
[EventType "blitz"]

1. e4 e5 2. Nf3 d5 3. Nxe5 Bd6 4. d4 dxe4 5. Nc4 Nf6 6. Nc3 O-O 7. Bg5 Re8 8.
Be2 h6 9. Bh4 Bf5 10. Ne3 Bg6 11. Ncd5 Nbd7 12. c4 c6 13. Nxf6+ Nxf6 14. a3 Be7
15. Qc2 Qxd4 16. Rd1 Qe5 17. Bg3 Qa5+ 18. Kf1 Rad8 19. h4 Rxd1+ 20. Bxd1 Rd8
21. h5 Qd2 22. Qxd2 Rxd2 23. hxg6 fxg6 24. Be5 Nd7 25. Bc3 Rd6 26. Bc2 Bf6 27.
Bxf6 Nxf6 28. Ke2 {Normal} 1-0

[Event "Rated Blitz game"]
[Site "?"]
[Date "2021.02.16"]
[Round "?"]
[White "stuffings"]
[Black "barbus89"]
[Result "0-1"]
[WhiteElo "2401"]
[BlackElo "2376"]
[PlyCount "114"]
[EventDate "2021.??.??"]
[EventType "blitz"]

1. e4 e5 2. Nf3 d5 3. Nxe5 Bd6 4. d4 dxe4 5. Be2 Bxe5 6. dxe5 Qxd1+ 7. Bxd1 Nc6
8. Nc3 Bf5 9. g4 Bg6 10. Bf4 h5 11. g5 O-O-O 12. Be2 Nge7 13. Rd1 Nd4 14. Rd2
e3 15. fxe3 Nxc2+ 16. Kd1 Nb4 17. Kc1 Rxd2 18. Kxd2 Rd8+ 19. Kc1 Ned5 20. Nxd5
Nxa2+ 21. Kd2 Rxd5+ 22. Ke1 Nb4 23. Bc4 Nd3+ 24. Bxd3 Rxd3 25. Rf1 c5 26. Rf2
Kd7 27. Rd2 Ke6 28. Rxd3 Bxd3 29. Kd2 Bf5 30. Kc3 Kd5 31. b3 b5 32. h4 a5 33.
Bg3 b4+ 34. Kb2 c4 35. bxc4+ Kxc4 36. Be1 a4 37. Bd2 a3+ 38. Ka2 Bc2 39. Be1 g6
40. Bd2 Bb3+ 41. Ka1 Bc2 42. Ka2 Bf5 43. Be1 Be6 44. e4 Kb5+ 45. Ka1 Ka4 46.
Bxb4 Kxb4 47. Kb1 Kc3 48. Ka1 Kd4 49. Kb1 Kxe4 50. Ka1 Kxe5 51. Kb1 Kf5 52. Ka1
Kg4 53. Kb1 Kxh4 54. Ka1 Kxg5 55. Kb1 Kg4 56. Ka1 Kg3 57. Kb1 Kg2 {Normal} 0-1

[Event "Rated Blitz tournament nKFmpnys"]
[Site "?"]
[Date "2021.02.16"]
[Round "?"]
[White "Mikasinski"]
[Black "ChessMeraki"]
[Result "1-0"]
[WhiteElo "2495"]
[BlackElo "2372"]
[PlyCount "53"]
[EventDate "2021.??.??"]
[EventType "blitz"]

1. e4 e5 2. Nf3 d5 3. Nxe5 dxe4 4. d4 Bd6 5. Nc4 Nc6 6. Nc3 Nf6 7. Nxd6+ Qxd6
8. Be2 Bf5 9. Be3 O-O-O 10. g4 Bg6 11. Nb5 Qe7 12. c3 Nd5 13. Qd2 h6 14. h4 f5
15. gxf5 Bxf5 16. O-O-O Rhf8 17. Rdg1 Bh7 18. Na3 Bg8 19. Kb1 Nb6 20. c4 Kb8
21. d5 Nxd5 22. cxd5 Bxd5 23. Qc3 Nb4 24. Bc5 Bxa2+ 25. Ka1 Qf7 26. Bxb4 Rfe8
27. Rxg7 {Normal} 1-0

[Event "Rated Blitz game"]
[Site "?"]
[Date "2021.02.16"]
[Round "?"]
[White "LuukDeGrote"]
[Black "Chesspirate_Channel"]
[Result "0-1"]
[WhiteElo "2457"]
[BlackElo "2348"]
[PlyCount "114"]
[EventDate "2021.??.??"]
[EventType "blitz"]

1. e4 e5 2. Nf3 d5 3. Nxe5 Bd6 4. d4 dxe4 5. Bf4 Nd7 6. Nc3 Ngf6 7. Bc4 O-O 8.
O-O Qe7 9. Nxd7 Bxd7 10. Bxd6 Qxd6 11. Re1 Rfe8 12. h3 c6 13. Qd2 Rad8 14. Rad1
Bf5 15. Qg5 Bg6 16. d5 Re5 17. Qg3 cxd5 18. Bb3 d4 19. Ne2 d3 20. Nf4 Ree8 21.
cxd3 exd3 22. Rxe8+ Nxe8 23. Nxg6 hxg6 24. Qxd6 Rxd6 25. Rd2 Nc7 26. Bc4 Rd4
27. Bxd3 Nd5 28. Rd1 Nb4 29. Be2 Rxd1+ 30. Bxd1 Nxa2 31. Kf1 Nb4 32. Bf3 b6 33.
Ke2 Kf8 34. Kd2 Ke7 35. Kc3 Na6 36. b4 Nc7 37. Kc4 g5 38. b5 Kd6 39. Bc6 f6 40.
Kd4 a6 41. Kc4 a5 42. Kd4 Ne6+ 43. Kc4 Nc5 44. g3 Ne6 45. h4 gxh4 46. gxh4 Nf4
47. Bf3 a4 48. Kd4 a3 49. Kc3 a2 50. Kb2 Nd3+ 51. Kxa2 Nxf2 52. Kb3 Nd3 53. h5
Ne5 54. Kc3 Nxf3 55. Kc4 Ng5 56. Kd3 f5 57. Ke3 Ke5 {Time forfeit} 0-1

[Event "Rated Blitz tournament wBj9aQDp"]
[Site "?"]
[Date "2021.02.16"]
[Round "?"]
[White "SergeyValerievich91"]
[Black "Terizlong"]
[Result "0-1"]
[WhiteElo "2303"]
[BlackElo "2486"]
[PlyCount "54"]
[EventDate "2021.??.??"]
[EventType "blitz"]

1. e4 e5 2. Nf3 d5 3. exd5 Bd6 4. d4 e4 5. Nfd2 Nf6 6. Nc3 O-O 7. Be2 Re8 8. h3
Bf5 9. Nc4 Bb4 10. Ne3 Bg6 11. Bd2 Bxc3 12. bxc3 Nxd5 13. c4 Nf4 14. Bc3 Nc6
15. d5 Ne5 16. Qd4 Nxe2 17. Kxe2 f5 18. g4 f4 19. Nf5 Qd7 20. Rhg1 Rac8 21. Nh4
c5 22. dxc6 Qxc6 23. Nxg6 hxg6 24. Rgb1 Rcd8 25. Qxe5 Qxc4+ 26. Ke1 Rxe5 27.
Bxe5 f3 {Normal} 0-1

[Event "Rated Blitz game"]
[Site "?"]
[Date "2021.02.16"]
[Round "?"]
[White "Gugo_grot"]
[Black "Monkey_King"]
[Result "0-1"]
[WhiteElo "2411"]
[BlackElo "2549"]
[PlyCount "92"]
[EventDate "2021.??.??"]
[EventType "blitz"]

1. e4 e5 2. Nf3 d5 3. Nxe5 dxe4 4. d4 Bd6 5. Nc4 f5 6. Nc3 Nf6 7. Bg5 O-O 8.
Nd5 Be6 9. Nxf6+ gxf6 10. Bh6 Rf7 11. Be2 Nc6 12. c3 Ne7 13. Ne3 Ng6 14. Qa4
Qe8 15. Bb5 c6 16. Be2 f4 17. Nc4 Bc7 18. Na5 f3 19. Bf1 Bd5 20. g3 Qe7 21.
Nxb7 Rb8 22. Qxa7 Bd6 23. Ba6 Rxb7 24. Bxb7 Qxb7 25. Qxb7 Rxb7 26. b3 c5 27.
O-O-O cxd4 28. Rxd4 Ne7 29. Rhd1 Bc5 30. Be3 Bxd4 31. Rxd4 Kf7 32. c4 Bc6 33.
Kc2 Nf5 34. Rd1 Nxe3+ 35. fxe3 Rd7 36. Rf1 Rd3 37. a4 Rxe3 38. a5 Re2+ 39. Kc3
f2 40. b4 e3 41. b5 Re1 42. bxc6 Rxf1 43. c7 Rc1+ 44. Kb4 Rxc4+ 45. Kb5 f1=Q
46. c8=Q Rxc8+ {Normal} 0-1

[Event "Rated Blitz game"]
[Site "?"]
[Date "2021.02.16"]
[Round "?"]
[White "Kornyushin"]
[Black "blastol"]
[Result "1-0"]
[WhiteElo "2427"]
[BlackElo "2361"]
[PlyCount "116"]
[EventDate "2021.??.??"]
[EventType "blitz"]

1. e4 e5 2. Nf3 d5 3. Nxe5 Bd6 4. d4 dxe4 5. Bc4 Bxe5 6. dxe5 Qxd1+ 7. Kxd1
Bg4+ 8. Ke1 Nc6 9. h3 Nxe5 10. Bb5+ c6 11. hxg4 cxb5 12. Nc3 Nxg4 13. Nxb5
O-O-O 14. Nxa7+ Kb8 15. Nb5 N8f6 16. Bf4+ Ka8 17. Rh3 e3 18. Bxe3 Nd5 19. Rd1
Nb4 20. c3 Nc2+ 21. Ke2 Rxd1 22. Kxd1 Ncxe3+ 23. fxe3 Nf2+ 24. Ke2 Nxh3 25.
gxh3 Rd8 26. Nd4 Re8 27. b4 Kb8 28. a4 Kc7 29. a5 Kd6 30. Kd3 Re5 31. c4 Rh5
32. c5+ Kd5 33. e4+ Ke5 34. c6 Rxh3+ 35. Kc4 bxc6 36. Nxc6+ Kxe4 37. a6 Ra3 38.
Na5 Ra1 39. a7 Rc1+ 40. Kb5 Rc8 41. Nc6 h5 42. Nb8 h4 43. a8=Q+ Kf4 44. Qb7 Rf8
45. Qe7 Rxb8+ 46. Kc4 Rc8+ 47. Kd4 g5 48. Qxf7+ Kg3 49. Qf5 Rg8 50. Qe5+ Kf2
51. Qh2+ Kf3 52. b5 g4 53. Qxh4 g3 54. Qh5+ Kf2 55. Qf5+ Kg1 56. Qb1+ Kh2 57.
Qh7+ Kg1 58. Qxg8 g2 {Normal} 1-0

[Event "Rated Blitz game"]
[Site "?"]
[Date "2021.02.16"]
[Round "?"]
[White "imedmostafa"]
[Black "annaly1979"]
[Result "1-0"]
[WhiteElo "2462"]
[BlackElo "2358"]
[PlyCount "55"]
[EventDate "2021.??.??"]
[EventType "blitz"]

1. e4 e5 2. Nf3 d5 3. Nxe5 Qe7 4. d4 f6 5. Qh5+ g6 6. Nxg6 Qxe4+ 7. Be2 Qxg6 8.
Qh4 h5 9. Nc3 Ne7 10. Bf4 Nf5 11. Qh3 Nc6 12. Nxd5 Nfxd4 13. Qe3+ Kf7 14. O-O
Nxc2 15. Qb3 Nxa1 16. Rxa1 Nd4 17. Qc4 Nxe2+ 18. Qxe2 Bd6 19. Re1 Bg4 20. Qc4
Kg7 21. Bxd6 cxd6 22. Re7+ Kh6 23. h3 Bf5 24. h4 Qg4 25. Qc1+ Kg6 26. Nf4+ Kh6
27. Ne6+ Kg6 28. Rg7# {Normal} 1-0

[Event "Rated Blitz game"]
[Site "?"]
[Date "2021.02.16"]
[Round "?"]
[White "ffl0"]
[Black "Chesspirate_Channel"]
[Result "1-0"]
[WhiteElo "2522"]
[BlackElo "2358"]
[PlyCount "87"]
[EventDate "2021.??.??"]
[EventType "blitz"]

1. e4 e5 2. Nf3 d5 3. exd5 e4 4. Qe2 Nf6 5. d3 Be7 6. dxe4 O-O 7. Qd3 Na6 8.
Be3 Nb4 9. Qc4 b5 10. Qb3 Nxe4 11. Be2 Nxd5 12. O-O Be6 13. Nd4 Nc5 14. Qxb5
Rb8 15. Nxe6 fxe6 16. Qc6 Nxe3 17. fxe3 Rxb2 18. Na3 Qd2 19. Nc4 Qxe2 20. Nxb2
Qxe3+ 21. Kh1 Bf6 22. Rae1 Qc3 23. Nd3 Nxd3 24. Qxc3 Bxc3 25. Rxf8+ Kxf8 26.
Rf1+ Nf4 27. Rxf4+ Ke7 28. Rc4 Ba5 29. Kg1 Bb6+ 30. Kf1 a5 31. Ke2 Kd6 32. Kd3
h6 33. Rg4 g5 34. h4 gxh4 35. Rxh4 Kd5 36. Rxh6 e5 37. Rh5 Ke6 38. Ke4 Bd4 39.
Rh6+ Kf7 40. g4 c5 41. Ra6 Bc3 42. Kf5 Kg7 43. g5 e4 44. Ra7+ {Time forfeit}
1-0

[Event "Rated Blitz game"]
[Site "?"]
[Date "2021.02.16"]
[Round "?"]
[White "d3rocks"]
[Black "gammadrill"]
[Result "0-1"]
[WhiteElo "2521"]
[BlackElo "2458"]
[PlyCount "70"]
[EventDate "2021.??.??"]
[EventType "blitz"]

1. e4 e5 2. Nf3 d5 3. Nc3 d4 4. Ne2 f6 5. Ng3 g6 6. Bc4 c5 7. d3 Nc6 8. O-O Bd6
9. a4 Qe7 10. Nh4 Be6 11. Bb5 Qd7 12. a5 a6 13. Ba4 Nge7 14. Bd2 O-O 15. Ne2
Qc7 16. f4 exf4 17. Bxf4 Ne5 18. h3 Rad8 19. Bb3 Bxb3 20. cxb3 N7c6 21. Qd2 Nb4
22. Bxe5 Bxe5 23. Nf3 Qc6 24. Rfc1 Qb5 25. Rc4 Rc8 26. Nc1 Rc6 27. Qd1 Bc7 28.
Nd2 Bxa5 29. Qg4 Nxd3 30. Nxd3 Bxd2 31. Rc2 Be3+ 32. Kh1 Qxb3 33. Qd1 c4 34.
Ra3 cxd3 35. Rxb3 dxc2 {Normal} 0-1

[Event "Rated Blitz game"]
[Site "?"]
[Date "2021.02.16"]
[Round "?"]
[White "sk_123"]
[Black "GrandeGila"]
[Result "1-0"]
[WhiteElo "2223"]
[BlackElo "2409"]
[PlyCount "63"]
[EventDate "2021.??.??"]
[EventType "blitz"]

1. e4 e5 2. Nf3 d5 3. Nxe5 Bd6 4. d4 dxe4 5. Bf4 Nc6 6. Nxc6 bxc6 7. Bg3 Rb8 8.
b3 Nf6 9. a3 Bg4 10. Be2 Bxe2 11. Qxe2 Bxg3 12. hxg3 Qxd4 13. c3 Qe5 14. O-O
O-O 15. Nd2 Qxc3 16. Rac1 Qe5 17. Rxc6 Rfd8 18. Nc4 Qd4 19. Rxc7 Rxb3 20. Rxa7
h6 21. Ne3 Rb2 22. Qc4 Qxc4 23. Nxc4 Ra2 24. Ne5 Rf8 25. Rb1 Nd5 26. Rbb7 e3
27. fxe3 Nxe3 28. Nxf7 Rxg2+ 29. Kh1 Rxg3 30. Kh2 Rg6 31. a4 Rd8 32. Nxd8 {
Normal} 1-0

[Event "Rated Blitz game"]
[Site "?"]
[Date "2021.02.16"]
[Round "?"]
[White "RonaldGanzon"]
[Black "blastol"]
[Result "1-0"]
[WhiteElo "2410"]
[BlackElo "2351"]
[PlyCount "45"]
[EventDate "2021.??.??"]
[EventType "blitz"]

1. e4 e5 2. Nf3 d5 3. exd5 Bd6 4. Nc3 Nf6 5. d4 e4 6. Ne5 O-O 7. Bg5 Re8 8. Qd2
Bxe5 9. dxe5 Rxe5 10. O-O-O h6 11. Bf4 Re8 12. Bb5 Bd7 13. Bc4 a6 14. d6 c5 15.
Bxh6 gxh6 16. Qxh6 Be6 17. d7 Nbxd7 18. h4 Ng4 19. Qh5 Qf6 20. Bxe6 Qxe6 21.
Rd5 Qh6+ 22. Rg5+ Kh7 23. Qxf7+ {Normal} 1-0

[Event "Rated Blitz game"]
[Site "?"]
[Date "2021.02.16"]
[Round "?"]
[White "pajaritas"]
[Black "GrandeGila"]
[Result "1-0"]
[WhiteElo "2326"]
[BlackElo "2416"]
[PlyCount "96"]
[EventDate "2021.??.??"]
[EventType "blitz"]

1. e4 e5 2. Nf3 d5 3. d3 dxe4 4. dxe4 Qxd1+ 5. Kxd1 Bg4 6. Be2 Nc6 7. c3 O-O-O+
8. Ke1 f5 9. h3 fxe4 10. hxg4 exf3 11. Bxf3 e4 12. Be2 Nf6 13. Bg5 Be7 14. Nd2
Rde8 15. Bb5 h6 16. Bxc6 bxc6 17. Bxf6 Bxf6 18. Ke2 Bg5 19. Nc4 Rhf8 20. Rad1
Rf4 21. g3 Rxg4 22. Ne3 Bxe3 23. Kxe3 Rg5 24. Rd4 Rb5 25. b3 Ra5 26. a4 Rc5 27.
c4 Rce5 28. Rh4 R8e7 29. Rdxe4 Rxe4+ 30. Rxe4 Rd7 31. f4 Kb7 32. Kf3 Kb6 33. b4
a5 34. c5+ Ka6 35. bxa5 Kxa5 36. Rc4 Rd5 37. g4 h5 38. Kg3 Rd3+ 39. Kh4 hxg4
40. Kxg4 Ra3 41. Kg5 Rxa4 42. Rxa4+ Kxa4 43. Kg6 Kb5 44. Kxg7 Kxc5 45. f5 Kd4
46. f6 c5 47. f7 c4 48. f8=Q c3 {Normal} 1-0

[Event "Rated Blitz game"]
[Site "?"]
[Date "2021.02.16"]
[Round "?"]
[White "Fivezero"]
[Black "Professor_Woland"]
[Result "1-0"]
[WhiteElo "2435"]
[BlackElo "2465"]
[PlyCount "33"]
[EventDate "2021.??.??"]
[EventType "blitz"]

1. e4 e5 2. Nf3 d5 3. exd5 Qxd5 4. Nc3 Qa5 5. Bb5+ c6 6. Ba4 Nd7 7. O-O Be7 8.
d4 exd4 9. Nxd4 Nc5 10. Bb3 Nf6 11. Re1 Nxb3 12. Nxb3 Qc7 13. Qe2 Be6 14. Nd4
Bg4 15. f3 Bc8 16. Bf4 Qd8 17. Rad1 {Normal} 1-0

[Event "Rated Blitz tournament wBj9aQDp"]
[Site "?"]
[Date "2021.02.16"]
[Round "?"]
[White "makar1964"]
[Black "Terizlong"]
[Result "0-1"]
[WhiteElo "2202"]
[BlackElo "2484"]
[PlyCount "74"]
[EventDate "2021.??.??"]
[EventType "blitz"]

1. e4 e5 2. Nf3 d5 3. d4 dxe4 4. Nxe5 Bd6 5. Nc4 Nf6 6. Nxd6+ Qxd6 7. Be2 O-O
8. O-O Bf5 9. c4 Nc6 10. Be3 Rad8 11. d5 Ne5 12. h3 c6 13. Nc3 cxd5 14. cxd5
Nd3 15. Nxe4 Bxe4 16. Bxd3 Bxg2 17. Kxg2 Qxd5+ 18. Kg1 Qxd3 19. Qxd3 Rxd3 20.
Bxa7 Rxh3 21. a4 h6 22. a5 Ra8 23. Bd4 Ra6 24. Kg2 Rb3 25. Rfc1 Nd5 26. Rg1 Rb5
27. Kf1 f6 28. Re1 Raxa5 29. Re8+ Kf7 30. Rd8 Ra1+ 31. Kg2 Nf4+ 32. Kf3 Rxg1
33. Kxf4 h5 34. Rd7+ Kg6 35. f3 Rd1 36. Ke3 Rb3+ 37. Ke2 Rbd3 {Normal} 0-1

[Event "Rated Blitz game"]
[Site "?"]
[Date "2021.02.16"]
[Round "?"]
[White "BlitzKrieg3_0"]
[Black "Blind2250"]
[Result "0-1"]
[WhiteElo "2384"]
[BlackElo "2462"]
[PlyCount "70"]
[EventDate "2021.??.??"]
[EventType "blitz"]

1. e4 e5 2. Nf3 d5 3. exd5 e4 4. Qe2 Qe7 5. Nd4 Nf6 6. Nc3 Qe5 7. Ndb5 a6 8. d4
Qe7 9. Na3 b5 10. Bg5 Bf5 11. d6 cxd6 12. Nd5 Qd8 13. Bxf6 gxf6 14. f3 Bg7 15.
fxe4 Be6 16. Nxb5 axb5 17. Qxb5+ Nd7 18. Qc6 Kf8 19. Qxd6+ Kg8 20. Ne7+ Kf8 21.
Ng6+ Ke8 22. Nxh8 Bxh8 23. d5 Bg4 24. h3 Bh5 25. g4 Bg6 26. Bd3 Qe7 27. Qxe7+
Kxe7 28. c4 Nc5 29. Kd2 Kd6 30. b4 Nxe4+ 31. Ke3 f5 32. gxf5 Bxf5 33. Bxe4 Re8
34. c5+ Kd7 35. Raf1 Rxe4+ {Time forfeit} 0-1

[Event "Rated Blitz tournament wBj9aQDp"]
[Site "?"]
[Date "2021.02.16"]
[Round "?"]
[White "SergeyReal"]
[Black "Terizlong"]
[Result "0-1"]
[WhiteElo "2261"]
[BlackElo "2495"]
[PlyCount "84"]
[EventDate "2021.??.??"]
[EventType "blitz"]

1. e4 e5 2. Nf3 d5 3. exd5 Bd6 4. d4 e4 5. Ne5 Nf6 6. c4 c5 7. Bf4 O-O 8. Nc3
cxd4 9. Qxd4 Na6 10. Nxe4 Nxe4 11. Qxe4 Nc5 12. Qd4 Ne6 13. Qd2 Nxf4 14. Qxf4
Bxe5 15. Qd2 Qf6 16. O-O-O Bf4 17. Bd3 Bxd2+ 18. Rxd2 Bd7 19. f3 Rac8 20. Kb1
Qf4 21. Re2 b5 22. cxb5 Qd4 23. Rd1 Qb6 24. a4 Rc5 25. Re7 Rxd5 26. Bxh7+ Kxh7
27. Rxd5 Qg6+ 28. Ka1 Be6 29. Rd1 Qc2 30. Rg1 Qxa4+ 31. Kb1 Qa2+ 32. Kc2 Bb3+
33. Kc3 Rc8+ 34. Kd3 Qxb2 35. Rge1 Rd8+ 36. Ke4 Bd5+ 37. Kf4 Qd2+ 38. Kg3 Qg5+
39. Kf2 Be6 40. Re5 Qd2+ 41. Kg3 Qd6 42. f4 Qxe7 {Time forfeit} 0-1

[Event "Rated Blitz game"]
[Site "?"]
[Date "2021.02.16"]
[Round "?"]
[White "norba94"]
[Black "Monkey_King"]
[Result "0-1"]
[WhiteElo "2400"]
[BlackElo "2557"]
[PlyCount "42"]
[EventDate "2021.??.??"]
[EventType "blitz"]

1. e4 e5 2. Nf3 d5 3. Nxe5 dxe4 4. d4 Bd6 5. Bc4 Bxe5 6. Qh5 Qe7 7. dxe5 Nc6 8.
Nc3 Nxe5 9. Bb3 Nf6 10. Qe2 Bg4 11. Qe3 O-O 12. Nxe4 Nxe4 13. Qxe4 Bf3 14. Qe3
Bxg2 15. f4 Bxh1 16. fxe5 Rfe8 17. e6 Qh4+ 18. Kf1 fxe6 19. Kg1 Bd5 20. Bxd5
exd5 21. Qxe8+ Rxe8 {Normal} 0-1

[Event "Rated Blitz game"]
[Site "?"]
[Date "2021.02.16"]
[Round "?"]
[White "EdgarRodrigues"]
[Black "DarthZannah"]
[Result "0-1"]
[WhiteElo "2448"]
[BlackElo "2494"]
[PlyCount "68"]
[EventDate "2021.??.??"]
[EventType "blitz"]

1. e4 e5 2. Nf3 d5 3. exd5 e4 4. Qe2 Nf6 5. d3 Qxd5 6. dxe4 Qxe4 7. Be3 Nc6 8.
Nbd2 Qxc2 9. Nd4 Nxd4 10. Bxd4+ Be6 11. Qb5+ Nd7 12. Bd3 Qc6 13. Qxc6 bxc6 14.
O-O Bd6 15. Bxg7 Rg8 16. Bc3 Nc5 17. Bxh7 Rg5 18. Be4 Rh5 19. Bxc6+ Ke7 20. f4
Rb8 21. Rae1 Nd3 22. Re4 Rb6 23. Ba8 Rb8 24. Nc4 Rxa8 25. Nxd6 Kxd6 26. f5 Rxf5
27. Rd4+ Rd5 28. Rf3 Ne5 29. Rf6 Rxd4 30. Bxd4 Nd7 31. Rh6 a6 32. g4 c5 33. Bc3
Rg8 34. h3 f5 {Normal} 0-1

[Event "Rated Blitz game"]
[Site "?"]
[Date "2021.02.16"]
[Round "?"]
[White "benvural"]
[Black "Blind2250"]
[Result "1-0"]
[WhiteElo "2426"]
[BlackElo "2462"]
[PlyCount "113"]
[EventDate "2021.??.??"]
[EventType "blitz"]

1. e4 e5 2. Nf3 d5 3. exd5 e4 4. Qe2 Qe7 5. Nd4 Nf6 6. Nc3 Qe5 7. Nf3 Qe7 8.
Ng5 Bf5 9. f3 exf3 10. Nxf3 Nbd7 11. d3 O-O-O 12. Qxe7 Bxe7 13. Bd2 Nb6 14. Ne5
Bg6 15. Nxg6 hxg6 16. O-O-O Nfxd5 17. Nxd5 Nxd5 18. Be2 Bd6 19. g3 Rde8 20. Bf3
Ne3 21. Rde1 Nf5 22. Rxe8+ Rxe8 23. Re1 Rxe1+ 24. Bxe1 Nd4 25. Bd1 f6 26. c3
Nc6 27. d4 Kd7 28. Bc2 g5 29. Bf5+ Ke7 30. a3 b6 31. Bf2 Nd8 32. c4 Kf7 33. d5
g6 34. Bd7 Be5 35. Kc2 Nb7 36. b4 Nd6 37. Kd3 Bb2 38. c5 Nf5 39. d6 Be5 40.
Bxf5 gxf5 41. d7 Ke7 42. c6 f4 43. b5 f3 44. Ke4 Bd6 45. a4 Kd8 46. Kxf3 f5 47.
g4 fxg4+ 48. Ke4 Bxh2 49. Bd4 Bd6 50. Bf6+ Be7 51. Be5 Bd6 52. Bf6+ Be7 53. Be5
Bd6 54. Bxd6 cxd6 55. Kd5 Kc7 56. Ke6 Kd8 57. Kxd6 {Time forfeit} 1-0